000 00810nam a2200217Ii 4500
003 JO-AjNU
008 230605s9999||||xx |||||||||||||| ||und||
017 _a2006/2/287
040 _aJO-AjNU
_bara
_erda
_cJO-AjNU
041 _aara
050 1 4 _aHF5655.A7.A538 2006
100 3 _aتأليف: العناتي، رضوان محمد ,
_eauthor
_931594
245 0 0 _aالمحاسبة المالية المتوسطة
250 _aط1
264 3 1 _aعمان: دار تسنيم للنشر والتوزيع، 2006
300 _a270ص
_bيحتوي على ملاحق من ص 258-268 ص،يحتوي على ببلوغرافية من ص269-270 ص
336 _atext
_btxt
_2rdacontent
337 _aunmediated
_bn
_2rdamedia
338 _avolume
_bnc
_2rdacarrier
650 4 _aالمحاسبة المالية
_931595
999 _aA12653
_c16221
_d16221